| 000 | 00762cam a22002411i 4500 | ||
|---|---|---|---|
| 001 | gs 41000125 | ||
| 003 | DLC | ||
| 005 | 20260227111347.0 | ||
| 008 | 801017s1941 okua s000 0 eng | ||
| 010 | _ags 41000125 | ||
| 035 | _a(OCoLC)6833973 | ||
| 040 |
_aDLC _cOkAdE _dDLC |
||
| 042 | _apremarc | ||
| 050 | 0 | 0 |
_aTN24.O5 _bA35 no. 10 |
| 100 | 1 |
_aMerritt, Clifford A. _q(Clifford Addison), _d1899-1989. |
|
| 245 | 1 | 0 |
_aManganese deposits of Oklahoma, _cby C. A. Merritt. |
| 260 |
_aNorman, _c1941. |
||
| 300 |
_a[36] p. _bincl. illus. (maps) tables. _c23 cm. |
||
| 410 | 2 | 0 |
_aOklahoma Geological Survey _tMineral report _vno. 10 |
| 500 | _aReproduced from type-written copy. | ||
| 504 | _aBibliography: p. [35]-[36] | ||
| 650 | 0 |
_aManganese ores _zOklahoma. |
|
| 999 |
_c27733 _d27733 |
||